[Event "Snorlax # 6"]
[Site "SchemingMind.com"]
[Date "2008.09.22"]
[Round "-"]
[White "keen"]
[Black "chessleon"]
[Result "0-1"]
[WhiteCountry "SCO"]
[BlackCountry "NED"]
[WhiteElo "1740"]
[WhiteRD "57"]
[BlackElo "1677"]
[BlackRD "76"]
[GameID "172139"]

1. d4 Nf6 2. e3 g6 3. Bd3 Bg7 4. c3 d6 5. Nd2 c6 6. Ngf3 Bg4 7. O-O O-O 8. h3 Bxf3 9. Nxf3 Nbd7 10. e4 Qc7
11. Be3 e5 12. Qe2 a6 13. Qd2 b5 14. Rfe1 c5 15. d5 c4 16. Bc2 Nc5 17. Qd1 Ncxe4 18. Bxe4 Nxe4 19. Nd2 Nxd2 20. Qxd2 Rab8
21. a3 Qe7 22. f4 e4 23. Qf2 f5 24. Qg3 Qf7 25. h4 Qxd5 26. h5 Qf7 27. Rad1 Rbd8 28. Rd2 d5 29. Red1 gxh5 30. Bd4 Rd6
31. Bxg7 Qxg7 32. Qxg7+ Kxg7 33. Rxd5 Rxd5 34. Rxd5 Rf6 35. Kf2 h4 36. Ke3 Kg6 37. Rd8 Kh5 38. Rd7 Kg4 39. Rxh7 Rg6 40. Rf7 Kg3
41. Rxf5 Kxg2 42. Rg5+ Rxg5 43. fxg5 h3 44. g6 h2 45. g7 h1=Q 46. g8=Q+ Kf1 47. Qf8+ Qf3+ 48. Qxf3+ exf3 49. Kxf3 Ke1 50. Ke3 Kd1
51. Kd4 Kc2 52. Kc5 Kxb2 53. Kb4 a5+ 54. Kxa5 Kxa3 55. Kxb5 Kb3 56. Kc5 Kxc3
0-1

[Event "Snorlax # 6"]
[Site "SchemingMind.com"]
[Date "2008.09.21"]
[Round "-"]
[White "keen"]
[Black "Joe Daudish"]
[Result "1-0"]
[WhiteCountry "SCO"]
[BlackCountry "USA"]
[WhiteElo "1814"]
[WhiteRD "56"]
[BlackElo "1759"]
[BlackRD "45"]
[GameID "172140"]

1. e4 e6 2. d4 d5 3. e5 Ne7 4. c3 Ng6 5. Bd3 Be7 6. Nd2 c5 7. Ne2 Nc6 8. O-O Bd7 9. Nf3 c4 10. Bc2 b5
11. Ng3 a5 12. Be3 b4 13. Qd2 bxc3 14. bxc3 O-O 15. Rab1 Rb8 16. Ne2 Qc7 17. Nf4 Rxb1 18. Rxb1 Rb8 19. Nxg6 hxg6 20. h4 Rxb1+
21. Bxb1 Qb7 22. Qc2 Be8 23. h5 Nd8 24. g3 Qb5 25. Nh4 Bxh4 26. gxh4 Qa4 27. Qe2 Nc6 28. h6 Ne7 29. hxg7 Kxg7 30. h5 Nf5
31. Bxf5 exf5 32. Bg5 Bd7 33. Bf6+ Kh7 34. hxg6+ Kxg6 35. f4 Kh6 36. Qh2+ Kg6 37. Qg3+ Kh5 38. Qg5#
1-0

[Event "Snorlax # 6"]
[Site "SchemingMind.com"]
[Date "2008.09.23"]
[Round "-"]
[White "keen"]
[Black "admiradordebrahms"]
[Result "0-1"]
[WhiteCountry "SCO"]
[BlackCountry "COL"]
[WhiteElo "1814"]
[WhiteRD "56"]
[BlackElo "1824"]
[BlackRD "96"]
[GameID "172141"]

1. d4 d5 2. e3 Nf6 3. Bd3 c5 4. c3 Nc6 5. Nd2 e5 6. dxe5 Nxe5 7. Bc2 Bd6 8. Ngf3 O-O 9. Nxe5 Bxe5 10. O-O Ng4
11. Nf3 Qc7 12. Nxe5 Qxe5 13. g3 Qh5 14. h3 Qxh3
0-1

[Event "Snorlax # 6"]
[Site "SchemingMind.com"]
[Date "2008.09.21"]
[Round "-"]
[White "mooch"]
[Black "keen"]
[Result "1-0"]
[WhiteCountry "ENG"]
[BlackCountry "SCO"]
[WhiteElo "1800"]
[WhiteRD "74"]
[BlackElo "1814"]
[BlackRD "56"]
[GameID "172142"]

1. e4 c6 2. c4 d5 3. cxd5 cxd5 4. e5 Qc7 5. d4 Bf5 6. Nc3 e6 7. a3 Nd7 8. Nf3 Ne7 9. Nh4 Bg6 10. Bg5 f6
11. exf6 gxf6 12. Nxg6 hxg6 13. Nb5 Qa5+ 14. Bd2 Qb6 15. Be2 a6 16. Qa4 Rc8 17. Nc3 Nc6 18. Bd3 Kf7 19. Rb1 Qxd4 20. Qxd4 Nxd4
21. O-O Bd6 22. h3 Ne5 23. Be2 Rh4 24. f4 Nxe2+ 25. Nxe2 Nd3 26. Rf3 Rc2 27. Rxd3 Bc5+ 28. Kh2 b5 29. b4 Bd6 30. g3 Rh8
31. Rc1 Rb2 32. h4 Rh5 33. Nd4 e5 34. fxe5 Bxe5 35. Kg2 g5 36. hxg5 Rxg5 37. Nc2 Rg8 38. Bc3 Rb3 39. Ne3 Bxg3 40. Kf3 Be5
41. Nxd5 Rxa3 42. Re3 Rg3+ 43. Ke4 Rxe3+ 44. Kxe3 Ke6 45. Nf4+ Kf5 46. Ne2 Bd6 47. Rf1+ Ke6 48. Rxf6+
1-0

[Event "Snorlax # 6"]
[Site "SchemingMind.com"]
[Date "2008.09.22"]
[Round "-"]
[White "Negrito19"]
[Black "keen"]
[Result "1/2-1/2"]
[WhiteCountry "ARG"]
[BlackCountry "SCO"]
[WhiteElo "1608"]
[WhiteRD "66"]
[BlackElo "1740"]
[BlackRD "57"]
[GameID "172143"]

1. d4 d5 2. Nc3 Nf6 3. f4 e6 4. Nf3 c5 5. e3 Nc6 6. Bb5 Bd7 7. a3 Be7 8. dxc5 Bxc5 9. b4 Bb6 10. Bxc6 Bxc6
11. Ne5 Rc8 12. Bb2 Bxe3 13. Nxc6 Rxc6 14. Qf3 d4 15. Rd1 a6 16. Ne2 Nd5 17. Nxd4 Bxd4 18. Bxd4 O-O 19. Qg3 f6 20. Rc1 Nxb4
21. Bxf6 Qxf6 22. axb4 Rc4 23. O-O Rxb4 24. c4 Rb2 25. Qc3 Qxc3 26. Rxc3 Rd8 27. h3 Rdd2 28. Rg3 a5 29. f5 exf5 30. Rxf5 b6
31. h4 Rbc2 32. Rg4 a4 33. c5 b5 34. c6 Rd1+ 35. Kh2 Rb1 36. Re4 h6 37. h5 Rbb2 38. Re8+ Kh7 39. Rff8 Rxg2+ 40. Kh1 Rh2+
41. Kg1 Rxh5 42. Rh8+ Kg6 43. c7 Rg5+ 44. Kf1 Rf5+ 45. Ke1 Rg5 46. Re6+ Kh5 47. Kf1 Rf5+ 48. Ke1 Rg5 49. Kf1 Rf5+ 50. Ke1 Rg5
51. Kf1 Rf5+ 52. Ke1 Rg5 53. Kf1 Rf5+ 54. Ke1 Rg5
1/2-1/2

[Event "Snorlax # 6"]
[Site "SchemingMind.com"]
[Date "2008.09.22"]
[Round "-"]
[White "chessleon"]
[Black "keen"]
[Result "0-1"]
[WhiteCountry "NED"]
[BlackCountry "SCO"]
[WhiteElo "1590"]
[WhiteRD "75"]
[BlackElo "1814"]
[BlackRD "56"]
[GameID "172145"]

1. e4 b6 2. d4 Bb7 3. f3 g6 4. Be3 Bg7 5. c3 Nf6 6. Bd3 O-O 7. Ne2 d6 8. Nd2 Nbd7 9. O-O e6 10. Ng3 c5
11. Qa4 Qc7 12. b4 cxb4 13. cxb4 a6 14. Rac1 Qd8 15. Nc4 b5 16. Qa5 bxc4 17. Qxd8 Rfxd8 18. Rxc4 Rac8 19. Rfc1 Rxc4 20. Rxc4 d5
21. Rc7 Bc8 22. e5 Ne8 23. Rc1 Nb6 24. Bg5 Rd7 25. Rc6 Rb7 26. Bxa6 Rb8 27. Rxb6 Rxb6 28. Bxc8 Rxb4 29. a3 Rxd4 30. f4 h6
0-1

[Event "Snorlax # 6"]
[Site "SchemingMind.com"]
[Date "2008.09.21"]
[Round "-"]
[White "Joe Daudish"]
[Black "keen"]
[Result "1/2-1/2"]
[WhiteCountry "USA"]
[BlackCountry "SCO"]
[WhiteElo "1759"]
[WhiteRD "45"]
[BlackElo "1814"]
[BlackRD "56"]
[GameID "172146"]

1. d4 d5 2. Nf3 Nf6 3. Bf4 Bg4 4. h3 Bh5 5. e3 e6 6. Be2 c5 7. c3 Nc6 8. O-O cxd4 9. exd4 Bd6 10. Ne5 Bxe2
11. Qxe2 O-O 12. Nd2 Nd7 13. Qe3 Qc7 14. g3 Ncxe5 15. dxe5 Bc5 16. Qe2 Qb6 17. Nb3 Be7 18. Rad1 Rac8 19. Rd2 Rc4 20. Rd4 Rfc8
21. Be3 Qc7 22. f4 b6 23. Rfd1 Nb8 24. Rxc4 Qxc4 25. Qxc4 Rxc4 26. Rd4 Rxd4 27. Bxd4 Nc6 28. Be3 h6 29. Nd4 Nxd4 30. Bxd4 Kf8
31. Kf2 Ke8 32. Ke3 Kd7 33. a4 Kc6 34. b3 Bc5 35. b4 Bxd4+ 36. cxd4=
1/2-1/2

[Event "Snorlax # 6"]
[Site "SchemingMind.com"]
[Date "2008.09.26"]
[Round "-"]
[White "admiradordebrahms"]
[Black "keen"]
[Result "1-0"]
[WhiteCountry "COL"]
[BlackCountry "SCO"]
[WhiteElo "1824"]
[WhiteRD "96"]
[BlackElo "1814"]
[BlackRD "56"]
[GameID "172147"]

1. e4 c5 2. Nf3 d6 3. d4 cxd4 4. Nxd4 a6 5. Nc3 g6 6. Be3 Bg7 7. Qd2 Nf6 8. f3 O-O 9. O-O-O Nc6 10. g4 Ne5
11. Bh6 Bxh6 12. Qxh6 Kh8 13. Qh4 Bd7 14. Nd5 Nxd5 15. exd5 Qa5 16. Kb1 Qxd5 17. Bg2 Nxg4 18. Nb3 Qc6 19. Rd2 Nf6 20. f4 Qb6
21. Nd4 Qc7 22. b3 Qc3 23. Rd3 Qb4 24. Qe1 Qb6 25. Qxe7 Kg7 26. Qe3 Rfe8 27. Nf5+
1-0

[Event "Snorlax # 6"]
[Site "SchemingMind.com"]
[Date "2008.09.21"]
[Round "-"]
[White "Lazaro"]
[Black "mooch"]
[Result "0-1"]
[WhiteCountry "CUB"]
[BlackCountry "ENG"]
[WhiteElo "1569"]
[WhiteRD "69"]
[BlackElo "1800"]
[BlackRD "74"]
[GameID "172151"]

1. d4 d5 2. c4 c6 3. cxd5 cxd5 4. Nc3 Nc6 5. Nf3 Bf5 6. Qb3 Qc8 7. Nxd5 e6 8. Ne3 Be4 9. Bd2 Bxf3 10. exf3 Nxd4
11. Qa4+ Nc6 12. Bb5 a6 13. Bxc6+ Qxc6 14. Qxc6+ bxc6
0-1

[Event "Snorlax # 6"]
[Site "SchemingMind.com"]
[Date "2008.09.22"]
[Round "-"]
[White "Lazaro"]
[Black "Negrito19"]
[Result "0-1"]
[WhiteCountry "CUB"]
[BlackCountry "ARG"]
[WhiteElo "1569"]
[WhiteRD "69"]
[BlackElo "1611"]
[BlackRD "67"]
[GameID "172153"]

1. e4 e5 2. Nf3 Nc6 3. Bc4 h6 4. Nc3 Nf6 5. d4 d6 6. d5 Ne7 7. O-O a6 8. Be3 c6 9. dxc6 Nxc6 10. a4 Qe7
11. Qd2 Be6 12. Nd5 Bxd5 13. exd5 Nd8
0-1

[Event "Snorlax # 6"]
[Site "SchemingMind.com"]
[Date "2008.09.22"]
[Round "-"]
[White "Lazaro"]
[Black "chessleon"]
[Result "0-1"]
[WhiteCountry "CUB"]
[BlackCountry "NED"]
[WhiteElo "1569"]
[WhiteRD "69"]
[BlackElo "1590"]
[BlackRD "75"]
[GameID "172155"]

1. e4 c5 2. Nf3 d6 3. d4 cxd4 4. Nxd4 Nf6 5. Nc3 a6 6. Bg5 e6 7. f4 Qb6 8. Qd2 Qxb2 9. Rb1 Qa3 10. f5 Qc5
11. fxe6 Bxe6
0-1

[Event "Snorlax # 6"]
[Site "SchemingMind.com"]
[Date "2008.09.22"]
[Round "-"]
[White "mooch"]
[Black "Lazaro"]
[Result "1-0"]
[WhiteCountry "ENG"]
[BlackCountry "CUB"]
[WhiteElo "1800"]
[WhiteRD "74"]
[BlackElo "1569"]
[BlackRD "69"]
[GameID "172158"]

1. e4 e5 2. Nf3 Nc6 3. d4 exd4 4. Nxd4 Bc5 5. Nf3 Nf6 6. Bd3 O-O 7. O-O d6 8. Bg5 Bg4 9. c3 Ne5 10. Be2 Qe7
11. Nxe5 Bxe2 12. Qxe2 Qxe5 13. Bxf6
1-0

[Event "Snorlax # 6"]
[Site "SchemingMind.com"]
[Date "2008.09.22"]
[Round "-"]
[White "keen"]
[Black "Lazaro"]
[Result "1/2-1/2"]
[WhiteCountry "SCO"]
[BlackCountry "CUB"]
[WhiteElo "1814"]
[WhiteRD "56"]
[BlackElo "1569"]
[BlackRD "69"]
[GameID "172159"]

1. d4 g6 2. e3 d5 3. Bd3 Bg7 4. Nd2 Nc6 5. c3 e5 6. Bb5 Ne7 7. Ne2 O-O 8. dxe5 Nxe5 9. O-O c6 10. Ba4 Bf5
11. Bc2 Nd3 12. Nd4 Nxc1 13. Qxc1 Bxc2 14. Qxc2 c5 15. N4f3 f5 16. Rad1 Qc7 17. Qb3 Rad8 18. Ng5 Rd6 19. e4 h6 20. Ngf3 fxe4
21. Nxe4 c4 22. Qb4 Rb6 23. Qc5 Qxc5 24. Nxc5 Rxb2 25. Ne6 Rc8 26. Nxg7 Kxg7 27. Rb1 Rxb1 28. Rxb1 b6 29. h3 Nc6 30. Re1 Kf6
31. Re2 Rc7 32. Rd2 Rd7 33. Kf1 Ne5 34. Ne1 b5 35. g3 a6=
1/2-1/2

[Event "Snorlax # 6"]
[Site "SchemingMind.com"]
[Date "2008.09.22"]
[Round "-"]
[White "Negrito19"]
[Black "Lazaro"]
[Result "1-0"]
[WhiteCountry "ARG"]
[BlackCountry "CUB"]
[WhiteElo "1611"]
[WhiteRD "67"]
[BlackElo "1569"]
[BlackRD "69"]
[GameID "172160"]

1. e4 g6 2. d4 Bg7 3. e5 c5 4. c3 cxd4 5. cxd4 d6 6. f4 dxe5 7. fxe5 Nh6 8. Nf3 O-O 9. Bc4 Bg4 10. h3 Bxf3
11. gxf3 Nc6 12. Be3 Nf5 13. Bf2 Nfxd4 14. Bxd4 Qxd4 15. Qxd4 Nxd4 16. Nc3 Nc2+ 17. Kf2 Bxe5 18. Rad1
1-0

[Event "Snorlax # 6"]
[Site "SchemingMind.com"]
[Date "2008.09.22"]
[Round "-"]
[White "chessleon"]
[Black "Lazaro"]
[Result "1-0"]
[WhiteCountry "NED"]
[BlackCountry "CUB"]
[WhiteElo "1590"]
[WhiteRD "75"]
[BlackElo "1569"]
[BlackRD "69"]
[GameID "172162"]

1. e4 g6 2. d4 Bg7 3. Nf3 c5 4. c3 cxd4 5. cxd4 d5 6. e5 Bg4 7. Nc3 Nc6 8. Bb5 e6 9. O-O Ne7 10. Bg5 O-O
11. h3
1-0

[Event "Snorlax # 6"]
[Site "SchemingMind.com"]
[Date "2008.09.21"]
[Round "-"]
[White "mrbiggs"]
[Black "mooch"]
[Result "0-1"]
[WhiteCountry "USA"]
[BlackCountry "ENG"]
[WhiteElo "1632"]
[WhiteRD "67"]
[BlackElo "1800"]
[BlackRD "74"]
[GameID "172242"]

1. e4 e6 2. d4 d5 3. Nc3 Bb4 4. e5 Bd7 5. Nf3 a6 6. Bd3 Bb5 7. Bxb5+ axb5 8. O-O Bxc3 9. bxc3 Nd7 10. Re1 Nb6
11. Qd3 c6 12. Bf4 Ne7 13. Bg5 Ra3 14. Re3 Nc4 15. Ree1 Qa5 16. Bxe7 Rxc3 17. Qd1 Kxe7 18. Qc1 h6 19. Nd2 Qa4 20. Nxc4 Qxc4
21. Qf4 Rxc2 22. h3 Rxa2 23. Rxa2 Qxa2 24. Rd1 b6 25. Rd2 Qb1+ 26. Kh2 Rf8 27. Qe3 Qc1 28. Qd3 Ra8 29. Rc2 Qb1 30. Qc3 Rc8
31. Rb2 Qa1 32. Qb3 Kd7 33. Ra2 Qxd4 34. Ra7+ Rc7
0-1

[Event "Snorlax # 6"]
[Site "SchemingMind.com"]
[Date "2008.09.21"]
[Round "-"]
[White "mrbiggs"]
[Black "keen"]
[Result "0-1"]
[WhiteCountry "USA"]
[BlackCountry "SCO"]
[WhiteElo "1632"]
[WhiteRD "67"]
[BlackElo "1814"]
[BlackRD "56"]
[GameID "172243"]

1. e4 c6 2. d4 d5 3. Nc3 g6 4. Nf3 Bg7 5. Bf4 Nf6 6. e5 Nh5 7. Be3 O-O 8. Be2 f6 9. O-O fxe5 10. dxe5 Qc7
11. Qd4 Nd7 12. g4 Nxe5 13. Nxe5 Bxe5 14. Qb4 Bxh2+ 15. Kh1 Nf6 16. g5 Ne8 17. Qh4 Be5 18. f4 Bg7 19. Rf3 d4
0-1

[Event "Snorlax # 6"]
[Site "SchemingMind.com"]
[Date "2008.09.22"]
[Round "-"]
[White "mrbiggs"]
[Black "Negrito19"]
[Result "1-0"]
[WhiteCountry "USA"]
[BlackCountry "ARG"]
[WhiteElo "1632"]
[WhiteRD "67"]
[BlackElo "1611"]
[BlackRD "67"]
[GameID "172244"]

1. e4 d5 2. exd5 Qxd5 3. Nc3 Qe6+ 4. Be2 f5 5. Nf3 Nf6 6. O-O b6 7. Nb5 Na6 8. Nbd4 Qd6 9. Bxa6 Bxa6 10. Re1 Bb7
11. Nxf5 Qf4 12. N5d4 O-O-O 13. d3 Bxf3 14. Nxf3 Qd6 15. Ne5 Qd5 16. c4 Qe6 17. Qf3 c6 18. Bf4 Kb7 19. Ng6 Qxe1+ 20. Rxe1 hxg6
21. b4 a6 22. a4 Rh5 23. Re5 Rxe5 24. Bxe5 e6 25. b5 Bd6 26. Qxc6+ Ka7 27. Bxd6 Ne8 28. Bc7 axb5 29. Bxd8 bxa4 30. Qxa4+ Kb7
31. Qxe8 Kc8 32. Bxb6+ Kb7 33. c5 Ka6 34. Qa8+ Kb5 35. Qa5+ Kc6 36. Qa4+ Kb7 37. Qb5 e5 38. c6+ Kb8 39. Qa6 g5 40. Qa7+ Kc8
41. Qb7#
1-0

[Event "Snorlax # 6"]
[Site "SchemingMind.com"]
[Date "2008.09.22"]
[Round "-"]
[White "mrbiggs"]
[Black "chessleon"]
[Result "0-1"]
[WhiteCountry "USA"]
[BlackCountry "NED"]
[WhiteElo "1618"]
[WhiteRD "71"]
[BlackElo "1677"]
[BlackRD "76"]
[GameID "172247"]

1. e4 c5 2. Nf3 d6 3. Bc4 Nf6 4. Nc3 e6 5. O-O Nc6 6. d4 cxd4 7. Nxd4 Bd7 8. Bg5 Be7 9. Re1 a6 10. Nf3 b5
11. Bd3 b4 12. Nb1 h6 13. Bh4 g5 14. Bg3 g4 15. Nfd2 h5 16. Bh4 Ne5 17. f3 gxf3 18. Nxf3 Nxd3 19. Qxd3 Bb5 20. Qd4 Rc8
21. c3 Rc4 22. Qd1 Rxe4 23. Rxe4 Nxe4 24. Bxe7 Qxe7 25. cxb4 d5 26. a3 Rg8 27. Nc3 Qa7+ 28. Qd4 Qxd4+ 29. Nxd4 Bc4 30. Nxe4 dxe4
31. g3 h4 32. Kg2 e5 33. Nf5 Be6 34. Nxh4 f5 35. Rc1 f4 36. Re1 Bd5 37. Nf5 e3+ 38. Kf1 Bc4+ 39. Kg2 Rg6 40. Kf3 Bd3
41. Nxe3 fxe3 42. Rxe3 e4+ 43. Kf4 Rc6 44. h4 Rc2 45. g4 Rxb2 46. h5 Rf2+ 47. Kg3 Rf7 48. Kh4 Re7 49. g5 Bc4 50. h6 Bg8
51. Kg4 Bh7 52. Kh5 Re5
0-1

[Event "Snorlax # 6"]
[Site "SchemingMind.com"]
[Date "2008.09.21"]
[Round "-"]
[White "mrbiggs"]
[Black "Joe Daudish"]
[Result "0-1"]
[WhiteCountry "USA"]
[BlackCountry "USA"]
[WhiteElo "1632"]
[WhiteRD "67"]
[BlackElo "1759"]
[BlackRD "45"]
[GameID "172248"]

1. e4 e6 2. d4 d5 3. Nc3 Ne7 4. Nf3 Ng6 5. e5 Be7 6. Be2 c5 7. Be3 cxd4 8. Qxd4 Nc6 9. Qa4 Bd7 10. Qb3 b6
11. O-O Ncxe5 12. Nxe5 Nxe5 13. f4 Nc6 14. Nb5 O-O 15. c4 dxc4 16. Bxc4 a6 17. Nc3 Na5 18. Qxb6 Qxb6 19. Bxb6 Nxc4 20. Bc7 Nxb2
21. Ne4 Bc6 22. Nc3 Rfc8 23. Be5 Nd3 24. Rad1 Bc5+
0-1

[Event "Snorlax # 6"]
[Site "SchemingMind.com"]
[Date "2008.09.22"]
[Round "-"]
[White "mrbiggs"]
[Black "admiradordebrahms"]
[Result "0-1"]
[WhiteCountry "USA"]
[BlackCountry "COL"]
[WhiteElo "1632"]
[WhiteRD "67"]
[BlackElo "1824"]
[BlackRD "96"]
[GameID "172249"]

1. e4 d5 2. exd5 Qxd5 3. Nc3 Qd6 4. Nf3 Nf6 5. d4 a6 6. Bc4 Bg4 7. Be3 Nc6 8. O-O O-O-O 9. Qe2 e5 10. dxe5 Nxe5
11. Bf4 Nxf3+ 12. gxf3 Qxf4 13. fxg4 Nxg4
0-1

[Event "Snorlax # 6"]
[Site "SchemingMind.com"]
[Date "2008.09.22"]
[Round "-"]
[White "mooch"]
[Black "mrbiggs"]
[Result "1-0"]
[WhiteCountry "ENG"]
[BlackCountry "USA"]
[WhiteElo "1800"]
[WhiteRD "74"]
[BlackElo "1632"]
[BlackRD "67"]
[GameID "172250"]

1. e4 e5 2. Nf3 Nf6 3. Nxe5 d6 4. Nf3 Nxe4 5. Bc4 d5 6. Bb5+ Nc6 7. Qe2 Be7 8. d3 Nf6 9. Bxc6+ bxc6 10. b3 O-O
11. O-O Re8 12. Qd2 h6 13. Bb2 Qd6 14. Be5 Qd7 15. h3 Nh7 16. Re1 Bf6 17. d4 Bxe5 18. Nxe5 Qd6 19. Nc3 f6 20. Nf3 Bf5
21. Nh4 Be6 22. Re2 Ng5 23. f4 Nf7 24. Rae1 Bd7 25. Rxe8+ Rxe8 26. Rxe8+ Bxe8 27. Nf5 Qe6 28. Ne3 Nd6 29. Qd3 Bd7 30. g4 f5
31. Ne2 Ne4 32. Nxf5 Qf6 33. Nfg3 Nxg3 34. Qxg3 Qe6 35. Nc3 Be8 36. Kf2 Bg6 37. f5 Qf6 38. Qe5 Be8 39. Qxe8+ Kh7 40. Qe5 Qh4+
41. Kg2 Qd8 42. Na4 Qd7 43. Nc5 Qf7 44. Ne6 a6 45. Qxc7 Qxc7 46. Nxc7
1-0

[Event "Snorlax # 6"]
[Site "SchemingMind.com"]
[Date "2008.09.22"]
[Round "-"]
[White "keen"]
[Black "mrbiggs"]
[Result "1-0"]
[WhiteCountry "SCO"]
[BlackCountry "USA"]
[WhiteElo "1814"]
[WhiteRD "56"]
[BlackElo "1632"]
[BlackRD "67"]
[GameID "172251"]

1. d4 d5 2. e3 Nf6 3. Bd3 Nc6 4. Nd2 e5 5. dxe5 Nxe5 6. Be2 Bf5 7. Ngf3 Qd6 8. O-O O-O-O 9. Nd4 Bd7 10. b3 Nc6
11. Bb2 g6 12. c4 Rg8 13. Qc1 Bg7 14. c5 Qe7 15. Nxc6 Bxc6 16. b4 a6 17. a4 Kd7 18. b5 axb5 19. axb5 Bxb5 20. Bxb5+ c6
21. Ra7 Rb8 22. Be2 Ne4 23. Nxe4 Qxe4 24. Bxg7 Rxg7 25. Qb2 f6 26. Rxb7+
1-0

[Event "Snorlax # 6"]
[Site "SchemingMind.com"]
[Date "2008.09.22"]
[Round "-"]
[White "Negrito19"]
[Black "mrbiggs"]
[Result "0-1"]
[WhiteCountry "ARG"]
[BlackCountry "USA"]
[WhiteElo "1608"]
[WhiteRD "66"]
[BlackElo "1618"]
[BlackRD "71"]
[GameID "172252"]

1. e4 e5 2. Nf3 Nf6 3. Nxe5 d6 4. Nf3 Nxe4 5. Qe2 Qe7 6. d3 Nf6 7. Be3 Be6 8. Nc3 Nc6 9. a3 O-O-O 10. Nd4 Nxd4
11. Bxd4 a6 12. g3 Re8 13. O-O-O g6 14. Bg2 Bh6+ 15. f4 c6 16. h3 Rhg8 17. Rhe1 g5 18. Bxf6 Qxf6 19. Ne4 Qe7 20. Kb1 gxf4
21. gxf4 Bxf4 22. Qf3 Be5 23. d4 Bg7 24. Nc3 d5 25. Na4 Kc7 26. Rd3 Qd6 27. Nc5 Bc8 28. Qxf7+ Kd8 29. Rxe8+ Rxe8 30. Qxg7 Re7
31. Qf8+ Kc7 32. h4 Re1+ 33. Ka2 Qxf8 34. Rf3 Qg7 35. c3 Qxg2 36. Rf7+ Kb8 37. Rf8 Qg4 38. Nd3 Re2 39. Rf7 Qg6 40. Rf3 Bf5
41. Nb4 Be4 42. Rf1 Qg2 43. Rb1 Bxb1+ 44. Kxb1 Rxb2+ 45. Ka1 Rd2 46. Nc2 Rxc2 47. Kb1 Rb2+ 48. Ka1 Ra2+ 49. Kb1 Qc2#
0-1

[Event "Snorlax # 6"]
[Site "SchemingMind.com"]
[Date "2008.09.22"]
[Round "-"]
[White "chessleon"]
[Black "mrbiggs"]
[Result "1-0"]
[WhiteCountry "NED"]
[BlackCountry "USA"]
[WhiteElo "1590"]
[WhiteRD "75"]
[BlackElo "1632"]
[BlackRD "67"]
[GameID "172255"]

1. e4 e5 2. Nf3 Nf6 3. Nxe5 d6 4. Nf3 Nxe4 5. d4 d5 6. Bd3 Bd6 7. O-O O-O 8. Be3 Nc6 9. c3 Bf5 10. Qc2 Re8
11. Nbd2 Qf6 12. Bxe4 dxe4 13. Ng5 Qh6 14. g3 Qg6 15. Nc4 Be7 16. h4 Bxg5 17. hxg5 Bh3 18. Rfe1 Qf5 19. Bf4 Qg4 20. Nd2 Re7
21. Rxe4 Rae8 22. Rae1
1-0

[Event "Snorlax # 6"]
[Site "SchemingMind.com"]
[Date "2008.09.22"]
[Round "-"]
[White "Joe Daudish"]
[Black "mrbiggs"]
[Result "1-0"]
[WhiteCountry "USA"]
[BlackCountry "USA"]
[WhiteElo "1759"]
[WhiteRD "45"]
[BlackElo "1632"]
[BlackRD "67"]
[GameID "172256"]

1. d4 d5 2. Nf3 Nf6 3. Bf4 Bf5 4. h3 e6 5. e3 c5 6. Bd3 Ne4 7. c3 c4 8. Bc2 Nc6 9. O-O Bd6 10. Bxd6 Nxd6
11. Nbd2 O-O 12. Re1 Qf6 13. Bxf5 Nxf5 14. Qc2 a6 15. e4 Nd6 16. e5 Qh6 17. exd6 Rfd8 18. Ne5 Nxe5 19. dxe5 f6 20. Nf3 fxe5
21. Rxe5 Rxd6 22. Nd4 Re8 23. Rae1 Kf7 24. Qe2 Qg6 25. Qf3+ Kg8 26. Qh5 Qxh5 27. Rxh5
1-0

[Event "Snorlax # 6"]
[Site "SchemingMind.com"]
[Date "2008.09.26"]
[Round "-"]
[White "admiradordebrahms"]
[Black "mrbiggs"]
[Result "1-0"]
[WhiteCountry "COL"]
[BlackCountry "USA"]
[WhiteElo "1824"]
[WhiteRD "96"]
[BlackElo "1632"]
[BlackRD "67"]
[GameID "172257"]

1. e4 e5 2. Nf3 Nf6 3. Nxe5 d6 4. Nf3 Nxe4 5. Bd3 Nf6 6. O-O Be7 7. h3 O-O 8. c3 Nc6 9. Qa4 Ne5 10. Nxe5 dxe5
11. Bc2 Be6 12. d4 exd4 13. Qxd4 Qxd4 14. cxd4 Rad8 15. Be3 Rfe8 16. b3
1-0